Les alentours de Reims - Statistiques

Statistiques générales
  • Ce quiz a été pris 155 fois
  • Le résultat moyen est 5 sur 15
Statistiques - réponses
Hint Réponse % Correct
sud Cormontreuil
85%
ouest tinqueux
81%
sud ouest bezannes
64%
nord est Betheny
62%
nord ouest saint brice
52%
nord est witry les reims
37%
sud ouest croix rouge
36%
sud est taissy
34%
est cernay les reims
33%
sud est croix du sud
19%
ouest fismes
14%
ouest muizon
12%
nord courcy
10%
ouest jonchery
8%
ouest courlandon
1%
Aucun quiz correspondant
Distribution des résultats
% des personnes avec chaque résultat
Percentile par nombre de réponses
Votre historique - résultats
Vous n’avez pas pris ce quiz